[Event "Hoogovens 5'"]
[Site "Wijk aan Zee NED"]
[Date "1999.01.18"]
[Round "8"]
[White "Sokolov, Ivan"]
[Black "Topalov, Veselin"]
[Result "1-0"]
[WhiteElo "2610"]
[BlackElo "2700"]
[EventDate "1999.??.??"]

1.d4 g6 2.e4 d6 3.c3 Fg7 4.Cf3 Cf6 5.Dc2 O-O 6.Fe2 b6 7.Fg5 c5 8.O-O Fb7 
9.d5 h6 10.Fh4 Cbd7 11.Cbd2 Te8 12.Cc4 Dc7 13.a4 e6 14.Fg3 Cxe4 15.Dxe4 
exd5 16.Dc2 dxc4 17.Fxc4 Fe4 18.Db3 Ce5 19.Cxe5 Fxe5 20.f4 Fg7 21.Tae1 Ff5
22.Fd5 Tad8 23.Fh4 Tb8 24.h3 h5 25.Db5 Rf8 26.Dc4 Txe1 27.Txe1 Te8 28.
Txe8+ Rxe8 29.De2+ Rf8 30.g4 hxg4 31.hxg4 Fc8 32.Rf2 Fb7 33.De4 Fxd5 34.
Dxd5 Rg8 35.f5 gxf5 36.gxf5 Dd7 37.f6 Dg4 38.Dg5 Dxg5 39.Fxg5 Fh8 40.Rf3 
Rh7 41.Re4 Rg6 42.Ff4 Rxf6 43.Fxd6 Re6 44.Fb8 f5+ 45.Rd3 a6 46.Fa7 Rd5 47.
Fxb6 c4+ 48.Re3 Fg7 49.Rf4 Re6 50.Rg5 Ff6+ 51.Rf4 Fg7 52.Rg5 Ff8 53.Fd4 
Fd6 54.Fe3 Fg3 55.Fd4 Fe1 56.Rf4 Fd2+ 57.Rf3 Fc1 58.Re2 Fxb2 59.Rd2 Fa3 
60.Re3 Rd5 61.Rf4 Re6 62.Rf3 Fd6 63.Re3 Rd5 64.Rf3 Re6 65.Re3 Fh2 66.Rf3 
Rd5 67.Fg7 Fe5 68.Fh6 Fxc3 69.Fc1 Fe5 70.Fa3 c3 71.Fc1 Rc4 72.Fa3 c2 73.
Fc1 Rd3 74.Fa3 f4 75.Fc1 Fd6 76.Fb2 Rd2 77.Re4 Fc5 78.Rxf4 Fd4 79.Fa3 Rd1 
80.Re4 1-0

[Event "Hoogovens 5'"]
[Site "Wijk aan Zee NED"]
[Date "1999.01.18"]
[Round "9"]
[White "Topalov, Veselin"]
[Black "Piket, Jeroen"]
[Result "1-0"]
[WhiteElo "2700"]
[BlackElo "2609"]
[EventDate "1999.??.??"]

1.Cf3 Cf6 2.c4 g6 3.e4 Fg7 4.Cc3 d6 5.d4 O-O 6.Fe2 Fg4 7.Fe3 Cfd7 8.Tc1 a6
9.d5 Fxf3 10.Fxf3 b5 11.Fe2 b4 12.Ca4 c5 13.h4 Cb6 14.Cxb6 Dxb6 15.Dd2 Cd7
16.h5 Tae8 17.hxg6 fxg6 18.Fg4 Cf6 19.Fe6+ Tf7 20.f3 Tf8 21.Re2 Ce8 22.Th3
Cc7 23.Tch1 h5 24.g4 hxg4 25.Fxg4 b3 26.a3 Db8 27.Fh6 Fd4 28.Dg5 De8 29.
Dxg6+ Tg7 30.Dxe8 Txe8 31.Fxg7 Fxg7 32.Fh5 Tf8 33.Tg1 Rh7 34.Ff7+ Fh6 35.
Tg6 1-0

[Event "Hoogovens 5'"]
[Site "Wijk aan Zee NED"]
[Date "1999.01.18"]
[Round "11"]
[White "Topalov, Veselin"]
[Black "Timman, Jan H"]
[Result "1/2-1/2"]
[WhiteElo "2700"]
[BlackElo "2649"]
[EventDate "1999.??.??"]

1.Cf3 Cf6 2.c4 b6 3.g3 Fb7 4.Fg2 e6 5.O-O Fe7 6.d4 O-O 7.b3 d5 8.cxd5 exd5
9.Cc3 Ce4 10.Fb2 Cxc3 11.Fxc3 Cd7 12.b4 Fd6 13.Db3 De7 14.e3 Tab8 15.a4 c5
16.b5 a5 17.Tfe1 Tfe8 18.Ch4 De6 19.Tad1 c4 20.Dc2 Cf6 21.f3 Fb4 22.Ff1 
Tbd8 23.Cg2 Dd6 24.Tb1 Te7 25.Dd2 Fxc3 26.Dxc3 Tde8 27.Tb2 Fc8 28.Cf4 g5 
29.Cg2 g4 30.Fe2 gxf3 31.Fxf3 Fg4 32.Tf2 Ce4 33.Fxe4 Txe4 34.Tef1 Fh5 35.
Tf6 T8e6 36.Txe6 fxe6 37.De1 e5 38.Df2 exd4 39.exd4 Te8 40.Ch4 Fg6 41.Df3 
Tf8 42.Dxf8+ Dxf8 43.Txf8+ Rxf8 44.Cxg6+ hxg6 45.Rf2 Rf7 46.g4 1/2-1/2

[Event "Hoogovens 5'"]
[Site "Wijk aan Zee NED"]
[Date "1999.01.18"]
[Round "12"]
[White "Topalov, Veselin"]
[Black "Reinderman, Dimitri"]
[Result "1-0"]
[WhiteElo "2700"]
[BlackElo "2542"]
[EventDate "1999.??.??"]

1.d4 f5 2.g3 g6 3.Cf3 Cf6 4.Fg2 Fg7 5.O-O O-O 6.b3 d6 7.Fb2 De8 8.Cbd2 Cc6
9.Te1 e5 10.e4 f4 11.dxe5 dxe5 12.Cc4 Fg4 13.a4 Td8 14.De2 Cd4 15.Fxd4 
exd4 16.Tad1 c5 17.Dd3 Rh8 18.Td2 Fh6 19.Tde2 De7 20.h3 Fxf3 21.Fxf3 fxg3 
22.fxg3 Ch5 23.Fxh5 gxh5 24.e5 h4 25.g4 Ff4 26.Tf2 Fg3 27.Txf8+ Txf8 28.
Tf1 Txf1+ 29.Rxf1 Fxe5 30.De4 Df7+ 31.Df5 Dxf5+ 32.gxf5 Fd6 33.Re2 Fc7 34.
Rf3 Rg7 35.Re4 Rf6 36.Cb2 b6 37.Cd3 a6 38.a5 Rg5 39.axb6 c4 40.bxc4 Fxb6 
41.Cb2 a5 42.Ca4 Rf6 43.c5 Fc7 44.c6 h5 45.Cb2 Rg5 46.Ca4 Rf6 47.Cc5 Fd6 
48.Ca6 a4 49.c7 Fxc7 50.Cxc7 a3 51.Cd5+ Rf7 52.Cb4 Rf6 53.Ca2 Rg5 54.Re5 
1-0

[Event "Hoogovens 5'"]
[Site "Wijk aan Zee NED"]
[Date "1999.01.18"]
[Round "13"]
[White "Svidler, Peter"]
[Black "Topalov, Veselin"]
[Result "1-0"]
[WhiteElo "2713"]
[BlackElo "2700"]
[EventDate "1999.??.??"]

1.e4 e5 2.Cf3 Cc6 3.Fb5 f5 4.Cc3 Cf6 5.exf5 Fc5 6.O-O O-O 7.Fxc6 dxc6 8.
Cxe5 Fxf5 9.d3 De8 10.De2 Fd6 11.f4 Cd7 12.Cc4 Dg6 13.Cxd6 cxd6 14.Fd2 Cf6
15.Tae1 d5 16.Df2 b6 17.Ce2 c5 18.Cg3 Fd7 19.f5 Df7 20.Df3 h6 21.h3 Tfe8 
22.Ff4 Txe1 23.Txe1 Te8 24.Fe5 d4 25.b3 Cd5 26.Ch5 Cb4 27.Cxg7 Txe5 28.
Txe5 Rxg7 29.Dg3+ Rh7 30.Te2 Fxf5 31.Dd6 Cd5 32.Te5 Fxh3 33.Dxd5 Dxd5 34.
Txd5 Fg4 35.Rf2 Rg6 36.Td6+ Rg5 37.b4 cxb4 38.Txd4 Fd1 39.Txb4 Fxc2 40.Re3
h5 41.Tc4 Fb1 42.a3 Fa2 43.Tc7 a5 44.Tb7 1-0

[Event "EU Team Ch"]
[Site "Batumi GEO"]
[Date "1999.11.29"]
[Round "1"]
[White "Topalov, Veselin"]
[Black "Rozentalis, Eduardas"]
[Result "1-0"]
[WhiteElo "2690"]
[BlackElo "2586"]
[EventDate "1999.11.06"]

1.c4 e6 2.Cc3 Cf6 3.e4 d5 4.e5 Ce4 5.Cf3 Fe7 6.h4 Cxc3 7.dxc3 dxc4 8.Da4+ 
Fd7 9.Dxc4 Fc6 10.Dg4 Fxf3 11.gxf3 Ff8 12.f4 Cd7 13.Fe3 c6 14.O-O-O Da5 
15.f5 Dxa2 16.fxe6 Dxe6 17.Df4 Td8 18.Fc4 De7 19.The1 h5 20.Dg3 Cxe5 21.
Txd8+ Rxd8 22.Ff4 Cxc4 23.Txe7 Rxe7 24.Dd3 1-0

[Event "EU Team Ch"]
[Site "Batumi GEO"]
[Date "1999.12.01"]
[Round "3"]
[White "Topalov, Veselin"]
[Black "Beliavsky, Alexander G"]
[Result "1-0"]
[WhiteElo "2690"]
[BlackElo "2618"]
[EventDate "1999.11.06"]

1.e4 e5 2.Cf3 Cc6 3.Fb5 a6 4.Fa4 Cf6 5.O-O b5 6.Fb3 Fb7 7.d3 Fe7 8.Cc3 d6 
9.a4 Ca5 10.Fa2 b4 11.Ce2 c5 12.Cg3 O-O 13.Fd2 Tb8 14.Cf5 Fc8 15.C3h4 Fe6 
16.Df3 Ce8 17.Cxe7+ Dxe7 18.Cf5 Dd7 19.Dg4 Rh8 20.f4 Cc6 21.fxe5 Cxe5 22.
Dg3 Fxa2 23.Txa2 b3 24.cxb3 Txb3 25.Fc3 f6 26.Taa1 Cc7 27.d4 cxd4 28.Cxd4 
Tbb8 29.Cf5 g6 30.Ce3 Tf7 31.Tad1 Dc6 32.h3 Te8 33.Dh4 Rg7 34.Rh1 Te6 35.
Cd5 Dxa4 36.Cf4 Te8 37.Txd6 Dc4 38.Ch5+ gxh5 39.Tfxf6 Cb5 40.Dg5+ Rf8 41.
Dh6+ Rg8 42.Fxe5 1-0

[Event "EU Team Ch"]
[Site "Batumi GEO"]
[Date "1999.12.02"]
[Round "4"]
[White "Fedorov, Alexei"]
[Black "Topalov, Veselin"]
[Result "1/2-1/2"]
[WhiteElo "2659"]
[BlackElo "2690"]
[EventDate "1999.11.06"]

1.e4 c5 2.Cf3 d6 3.d4 cxd4 4.Cxd4 Cf6 5.Cc3 a6 6.f3 e5 7.Cb3 Fe6 8.Fe3 
Cbd7 9.g4 b5 10.g5 b4 11.Ce2 Ch5 12.Dd2 Fe7 13.Cg3 Cf4 14.h4 h6 15.Fxf4 
exf4 16.Ch5 Fxb3 17.axb3 g6 18.Cxf4 hxg5 19.Cd5 Ce5 20.Fe2 g4 21.f4 Fxh4+ 
22.Rf1 Cf3 23.Dxb4 Ff6 24.Fxf3 gxf3 25.Rf2 a5 26.Db7 O-O 27.Rxf3 Rg7 28.f5
Tb8 29.Da7 Ta8 30.De3 Th8 31.Rg2 Th5 32.Txh5 gxh5 33.Dg3+ Rh6 34.De3+ Fg5 
35.Df3 Fc1 36.f6 Dg8+ 37.Rf2 Dg5 38.Ce3 Dh4+ 39.Rf1 Fxe3 40.Dxe3+ Rh7 41.
Re2 Tg8 42.Tf1 Tg2+ 43.Rd3 Dg4 44.Tf3 h4 45.Df4 Rg6 46.Dxg4+ Txg4 47.Rd4 
Tg3 48.Tf1 h3 49.e5 dxe5+ 50.Rxe5 h2 51.Th1 Tg2 52.c4 Te2+ 53.Rf4 Txb2 54.
Rg3 Txb3+ 55.Rxh2 Tb4 56.Ta1 a4 57.c5 Rxf6 58.c6 Re7 59.Td1 Tc4 60.Td7+ 
Re6 61.Ta7 f5 62.c7 Rd7 63.Rg3 Rc8 64.Rf3 Te4 65.Rg3 Tc4 1/2-1/2

[Event "EU Team Ch"]
[Site "Batumi GEO"]
[Date "1999.12.03"]
[Round "5"]
[White "Topalov, Veselin"]
[Black "Lputian, Smbat G"]
[Result "1-0"]
[WhiteElo "2690"]
[BlackElo "2625"]
[EventDate "1999.11.06"]

1.c4 e6 2.Cc3 d5 3.d4 Fe7 4.cxd5 exd5 5.Ff4 c6 6.Dc2 Cf6 7.e3 Cbd7 8.h3 
Cf8 9.Fd3 Cg6 10.Fh2 Fd6 11.Fxd6 Dxd6 12.O-O-O O-O 13.g4 Te8 14.Cge2 Fd7 
15.Cg3 Txe3 16.fxe3 Dxg3 17.e4 dxe4 18.Cxe4 Cxe4 19.Fxe4 Fe6 20.Rb1 Td8 
21.Dc5 De3 22.Ff5 a6 23.Db6 Td7 24.The1 Df3 25.d5 cxd5 26.Fxe6 fxe6 27.
Dxe6+ Df7 28.Td4 Dxe6 29.Txe6 Ce7 30.Tf4 g6 31.Tff6 Rg7 32.Td6 Tc7 33.Tf2 
Cc6 34.Txd5 Te7 35.a3 h6 36.Td6 Ce5 37.Te2 Rf7 38.Tb6 1-0

[Event "EU Team Ch"]
[Site "Batumi GEO"]
[Date "1999.12.04"]
[Round "6"]
[White "Jussupow, Artur"]
[Black "Topalov, Veselin"]
[Result "1/2-1/2"]
[WhiteElo "2636"]
[BlackElo "2690"]
[EventDate "1999.11.06"]

1.d4 Cf6 2.c4 c5 3.d5 g6 4.Cc3 Fg7 5.e4 d6 6.Fd3 e6 7.Cf3 exd5 8.exd5 O-O 
9.O-O Fg4 10.h3 Fxf3 11.Dxf3 Cbd7 12.Dd1 Ce8 13.Fe3 a6 14.Dd2 Da5 15.Ce4 
Dxd2 16.Fxd2 f5 17.Cg5 Cc7 18.Tae1 Ce5 19.Fe2 1/2-1/2

[Event "EU Team Ch"]
[Site "Batumi GEO"]
[Date "1999.12.07"]
[Round "9"]
[White "Gelfand, Boris"]
[Black "Topalov, Veselin"]
[Result "1/2-1/2"]
[WhiteElo "2713"]
[BlackElo "2690"]
[EventDate "1999.11.06"]

1.Cf3 b6 2.g3 Fb7 3.Fg2 c5 4.c4 g6 5.d4 cxd4 6.Dxd4 Cf6 7.O-O Fg7 8.Cc3 d6
9.Fe3 Cbd7 10.Tac1 Tc8 11.b3 a6 12.Tfd1 O-O 13.Dh4 Tc7 14.Fh3 Db8 15.Fh6 
b5 1/2-1/2

[Event "16. Ciudad de Linares"]
[Site "Linares ESP"]
[Date "1999.02.27"]
[Round "6"]
[White "Ivanchuk, Vassily"]
[Black "Topalov, Veselin"]
[Result "1/2-1/2"]
[WhiteElo "2714"]
[BlackElo "2700"]
[EventDate "1999.??.??"]

1.d4 Cf6 2.c4 e6 3.Cc3 Fb4 4.Dc2 O-O 5.a3 Fxc3+ 6.Dxc3 b6 7.Fg5 Fb7 8.e3 
d6 9.Ce2 Cbd7 10.Dc2 c5 11.Cc3 cxd4 12.exd4 Dc7 13.Fd3 Tac8 14.O-O Fa6 15.
Da4 Fxc4 16.Cb5 Fxb5 17.Fxb5 h6 18.Ff4 Cb8 19.Tac1 De7 20.Db4 Txc1 21.Txc1
Td8 22.Da4 Cd5 23.Fg3 Dg5 24.Tc2 a5 25.Dc4 De7 26.Te2 Df8 27.Tc2 Cd7 28.
Dc6 C7f6 29.f3 De7 30.Fa6 Ch5 31.Ff2 Chf4 32.Rh1 Dg5 33.Ff1 Df5 34.Td2 Cg6
35.Dc1 Cge7 36.Tc2 Dg5 37.g3 Df6 38.Rg2 Cf5 39.Dd2 Dg5 40.f4 De7 41.Rg1 
Cf6 42.d5 Ce4 43.Dd3 Cxf2 44.Txf2 Df6 45.dxe6 fxe6 46.Fh3 Tc8 47.Fxf5 Dxf5
48.Dxd6 Tc1+ 49.Rg2 De4+ 50.Rh3 Tg1 51.Td2 Df5+ 52.Rh4 Df6+ 53.Rg4 Df5+ 
54.Rf3 Dh5+ 55.Re3 Dh3 56.Dxb6 Te1+ 57.Te2 Txe2+ 58.Rxe2 Dxh2+ 59.Rf3 Dh1+
60.Rf2 1/2-1/2

[Event "16. Ciudad de Linares"]
[Site "Linares ESP"]
[Date "1999.03.09"]
[Round "13"]
[White "Topalov, Veselin"]
[Black "Ivanchuk, Vassily"]
[Result "0-1"]
[WhiteElo "2700"]
[BlackElo "2714"]
[EventDate "1999.??.??"]

1.Cf3 c5 2.c4 Cc6 3.d4 cxd4 4.Cxd4 e6 5.g3 Fb4+ 6.Cc3 Da5 7.Cb5 d5 8.a3 
Fxc3+ 9.bxc3 Cf6 10.Fg2 O-O 11.Db3 dxc4 12.Dxc4 e5 13.Cd6 Fe6 14.Dd3 e4 
15.Cxe4 Cxe4 16.Fxe4 Tad8 17.Dc2 Cd4 18.Db2 Cxe2 19.Rxe2 Tfe8 20.Db4 Dh5+ 
21.f3 f5 22.g4 Dh3 23.gxf5 Fxf5 24.Dc4+ Rh8 25.Te1 Txe4+ 0-1

[Event "16. Ciudad de Linares"]
[Site "Linares ESP"]
[Date "1999.03.01"]
[Round "7"]
[White "Topalov, Veselin"]
[Black "Kasparov, Garry"]
[Result "0-1"]
[WhiteElo "2700"]
[BlackElo "2812"]
[EventDate "1999.??.??"]

1.e4 c5 2.Cf3 d6 3.d4 cxd4 4.Cxd4 Cf6 5.Cc3 a6 6.f3 e6 7.Fe3 b5 8.g4 h6 9.
Dd2 Cbd7 10.O-O-O Fb7 11.h4 b4 12.Ca4 Da5 13.b3 Cc5 14.a3 Cxa4 15.axb4 Dc7
16.bxa4 d5 17.e5 Cd7 18.f4 Cb6 19.a5 Cc4 20.Dc3 De7 21.Fxc4 dxc4 22.Fd2 
Fxh1 23.Txh1 Db7 24.Td1 Fe7 25.Df3 O-O-O 26.Dc6+ Dxc6 27.Cxc6 Td7 28.Cxe7+
Txe7 29.Te1 h5 30.g5 Rb7 31.Fe3 Td7 32.Fc5 Rc6 33.Fd6 f6 34.gxf6 gxf6 35.
Tg1 f5 36.Rd2 Rd5 37.Re3 Thh7 38.Ff8 Thf7 39.Fh6 Th7 40.Tg6 Tb7 41.Ff8 
Thf7 42.Fd6 Tg7 43.Tg5 Tbf7 44.c3 Rc6 45.Rf3 Rb5 46.Fc5 Ra4 47.Fd4 Td7 48.
Re3 Rb3 49.Re2 Txg5 50.fxg5 Txd4 51.cxd4 c3 52.g6 c2 53.g7 c1=D 54.g8=D 
Dc4+ 55.Re3 Rc3 56.Dd8 Dd3+ 57.Rf4 Dd2+ 58.Rf3 Dd1+ 59.Re3 Dg1+ 60.Re2 
Dg2+ 61.Re3 f4+ 0-1

[Event "16. Ciudad de Linares"]
[Site "Linares ESP"]
[Date "1999.03.10"]
[Round "14"]
[White "Kasparov, Garry"]
[Black "Topalov, Veselin"]
[Result "1/2-1/2"]
[WhiteElo "2812"]
[BlackElo "2700"]
[EventDate "1999.??.??"]

1.Cf3 Cf6 2.c4 g6 3.g3 Fg7 4.Fg2 O-O 5.O-O d6 6.Cc3 e5 7.d4 Cbd7 8.h3 exd4
9.Cxd4 Te8 10.e4 a6 11.Te1 Tb8 12.a4 c6 13.Cc2 Ce5 14.Ce3 Fe6 15.b3 Cfd7 
16.Fd2 Cc5 17.Tf1 Ced3 18.Tb1 a5 19.f4 f5 20.exf5 gxf5 21.Rh2 Fd7 22.Cc2 
Ce6 23.Ca2 Cdc5 24.Fc3 Fxc3 25.Cxc3 Df6 26.Dd2 Ta8 27.Tfe1 Cc7 28.Txe8+ 
Txe8 29.b4 axb4 30.Cxb4 Td8 31.Cc2 Fe6 32.Ce3 Ff7 33.g4 Fg6 34.g5 Dg7 35.
Ce2 C7e6 36.a5 Dc7 37.Td1 Ta8 38.Cg3 Dxa5 39.Df2 Cg7 40.Txd6 Te8 41.h4 Te6
42.Td1 Dc7 43.Cexf5 Cxf5 44.Dxc5 b6 45.Df2 Cxh4 46.Fh3 Td6 47.Txd6 Dxd6 
48.Fg4 Fd3 49.f5 h6 50.g6 h5 51.c5 bxc5 52.Da2+ c4 53.Da8+ Df8 54.Da7 Cxg6
55.fxg6 Fxg6 56.Fe6+ Ff7 57.Ff5 Dd6 58.Rh3 Fg6 59.Da8+ Rg7 60.Db7+ Rg8 61.
Dc8+ Rg7 62.Db7+ Rg8 63.Da8+ Rg7 64.Da5 Df4 65.Da7+ Rh6 66.Dc5 Fxf5+ 67.
Cxf5+ Rg6 68.Ch4+ Rf7 1/2-1/2

[Event "16. Ciudad de Linares"]
[Site "Linares ESP"]
[Date "1999.02.21"]
[Round "1"]
[White "Kramnik, Vladimir"]
[Black "Topalov, Veselin"]
[Result "1/2-1/2"]
[WhiteElo "2751"]
[BlackElo "2700"]
[EventDate "1999.??.??"]

1.Cf3 c5 2.c4 Cf6 3.Cc3 Cc6 4.g3 d5 5.d4 e6 6.cxd5 Cxd5 7.Fg2 Cdb4 8.e3 
cxd4 9.exd4 Cxd4 10.O-O Cxf3+ 11.Dxf3 Fe7 12.Td1 Da5 13.a3 O-O 14.Ff4 Cc6 
15.b4 Df5 16.b5 Ca5 17.Fc7 Dxf3 18.Fxf3 Cb3 19.Tab1 Cc5 20.a4 a5 21.b6 f6 
22.Fd6 Fxd6 23.Txd6 e5 24.Fd5+ Rh8 25.Tb5 Cd3 26.Fe4 Cb4 27.Cd5 Cc6 28.Cc7
Tb8 29.Rg2 f5 30.Fxc6 bxc6 31.Txe5 f4 32.gxf4 Txb6 33.Ce6 1/2-1/2

[Event "16. Ciudad de Linares"]
[Site "Linares ESP"]
[Date "1999.03.02"]
[Round "8"]
[White "Topalov, Veselin"]
[Black "Kramnik, Vladimir"]
[Result "1/2-1/2"]
[WhiteElo "2700"]
[BlackElo "2751"]
[EventDate "1999.??.??"]

1.e4 e5 2.Cf3 Cf6 3.Cxe5 d6 4.Cxf7 Rxf7 5.Cc3 c5 6.Fc4+ Fe6 7.Fxe6+ Rxe6 
8.d4 Rf7 9.dxc5 Cc6 10.De2 Dd7 11.Fe3 dxc5 12.f4 Te8 13.e5 Cg4 14.Td1 Df5 
15.O-O h5 16.Fc1 Cd4 17.Dc4+ Rg6 18.h3 Ch6 19.Cb5 a6 20.Cxd4 cxd4 21.Dxd4 
Tc8 22.Db6+ Rh7 23.Dxb7 Txc2 24.Fe3 Dg6 25.Tc1 Txc1 26.Txc1 Cf5 27.Ff2 h4 
28.Tc7 Cg3 29.Rh2 Cf1+ 30.Rg1 Db1 31.Fxh4 Fc5+ 1/2-1/2

[Event "Frankfurt-West Masters"]
[Site "Frankfurt GER"]
[Date "1999.06.29"]
[Round "1"]
[White "Topalov, Veselin"]
[Black "Adams, Michael"]
[Result "1/2-1/2"]
[WhiteElo "2700"]
[BlackElo "2716"]
[EventDate "1999.??.??"]

1.Cf3 Cf6 2.c4 e6 3.Cc3 Fb4 4.Dc2 O-O 5.a3 Fxc3 6.Dxc3 b6 7.d4 Fb7 8.e3 d6
9.b4 a5 10.Fb2 Cbd7 11.Fe2 Ce4 12.Db3 axb4 13.axb4 Txa1+ 14.Fxa1 Cg5 15.d5
Cxf3+ 16.Fxf3 e5 17.e4 Dg5 18.O-O Ta8 19.g3 Fc8 20.h4 Dg6 21.Te1 h6 22.Fb2
f5 23.exf5 Dxf5 24.Fe4 Dg4 25.Ff3 Df5 26.Fe4 Dg4 27.Fg2 Cf6 28.c5 Rh7 29.
cxd6 cxd6 30.b5 Ff5 31.Fa3 Ce8 32.Fb4 Tc8 33.Fd2 Dc4 34.Dxc4 Txc4 35.f4 e4
36.g4 Fxg4 37.Txe4 Txe4 38.Fxe4+ Rg8 39.Fe3 Cf6 40.Fg2 Cd7 41.Rf2 Rf7 42.
Fd4 Ff5 43.Re3 h5 44.Ff3 g6 45.Fg2 Re7 46.Ff3 Rd8 47.Fg2 Rc7 48.Ff3 Cc5 
49.Fg2 Cd3 50.Fc3 Cc5 51.Fd4 Cd7 1/2-1/2

[Event "Frankfurt-West Masters"]
[Site "Frankfurt GER"]
[Date "1999.06.29"]
[Round "2"]
[White "Lutz, Christopher"]
[Black "Topalov, Veselin"]
[Result "0-1"]
[WhiteElo "2610"]
[BlackElo "2700"]
[EventDate "1999.??.??"]

1.e4 d6 2.d4 Cf6 3.Cc3 g6 4.Cf3 Fg7 5.Fe2 O-O 6.O-O c6 7.a4 Cbd7 8.a5 Dc7 
9.Fe3 e5 10.dxe5 dxe5 11.h3 Td8 12.Db1 Cf8 13.Da2 Fe6 14.Da3 h6 15.Tfd1 
C8d7 16.Cd2 Ff8 17.b4 c5 18.b5 c4 19.Db2 b6 20.axb6 axb6 21.Cf3 Txa1 22.
Dxa1 Tc8 23.Cd5 Fxd5 24.exd5 Ce4 25.Cd2 Cd6 26.g4 Fg7 27.Db1 f5 28.Cf3 f4 
29.Fc1 g5 30.Fa3 Cc5 31.Cd2 c3 32.Cc4 e4 33.Cxd6 Dxd6 34.Fxc5 bxc5 35.f3 
Tb8 36.Db3 Fd4+ 37.Rg2 Rg7 38.Dc4 De5 39.d6 Dxd6 40.Ta1 De7 41.Dd5 exf3+ 
42.Dxf3 Te8 43.Fd3 Dc7 44.b6 Dxb6 45.Dd5 Dc7 46.Tb1 Te7 47.Df5 f3+ 48.Dxf3
c4 49.Fe4 De5 50.Te1 Tf7 51.De2 Tf2+ 52.Dxf2 Fxf2 53.Rxf2 Dd4+ 54.Rf1 Dd2 
55.Te2 Df4+ 56.Rg2 Dc1 57.Ff3 Rf6 58.Tf2 Re5 59.Te2+ Rd4 60.Te4+ Rc5 61.
Te2 Rb4 62.Tf2 Ra3 63.Fe4 Rb2 64.Ff5 De3 65.Fg6 De5 66.Ff5 Dd5+ 67.Rg1 Rc1
68.Tf1+ Rd2 69.Tf2+ Re3 70.Tf1 Dd2 71.Rh1 De2 72.Ta1 Rf4 73.Tg1 h5 74.Fc8 
h4 75.Ff5 Rf3 76.Fc8 Dxc2 77.Fb7+ Rf4 78.Fc6 Re5 79.Fg2 Dd2 80.Tf1 c2 81.
Ta1 0-1

[Event "Frankfurt-West Masters"]
[Site "Frankfurt GER"]
[Date "1999.06.29"]
[Round "3"]
[White "Topalov, Veselin"]
[Black "Svidler, Peter"]
[Result "0-1"]
[WhiteElo "2700"]
[BlackElo "2713"]
[EventDate "1999.??.??"]

1.e4 e5 2.Cf3 Cc6 3.Fb5 a6 4.Fa4 Cf6 5.O-O Fe7 6.Te1 b5 7.Fb3 O-O 8.a4 b4 
9.d3 a5 10.Cbd2 h6 11.Cc4 d6 12.Ce3 Fe6 13.Cd5 Te8 14.Fe3 Ff8 15.Cd2 Cd7 
16.f4 exf4 17.Cxf4 Fxb3 18.Cxb3 Cf6 19.Cd4 Ce5 20.Cf3 c5 21.Ff2 g6 22.b3 
Fg7 23.Cxe5 Txe5 24.Fg3 Dd7 25.Df3 Tae8 26.h3 T5e7 27.Tad1 Db7 28.Tf1 d5 
29.exd5 Te3 30.Df2 Cxd5 31.Cxd5 Dxd5 32.Rh2 Txg3 33.Dxg3 Fe5 34.Tf4 g5 0-1

[Event "Frankfurt-West Masters"]
[Site "Frankfurt GER"]
[Date "1999.06.30"]
[Round "5"]
[White "Morozevich, Alexander"]
[Black "Topalov, Veselin"]
[Result "0-1"]
[WhiteElo "2723"]
[BlackElo "2700"]
[EventDate "1999.??.??"]

1.e4 c5 2.Cf3 d6 3.d4 cxd4 4.Cxd4 Cf6 5.Cc3 a6 6.f3 e6 7.Fe3 b5 8.g4 h6 9.
Dd2 Cbd7 10.O-O-O Fb7 11.Fd3 Tc8 12.Rb1 Ce5 13.The1 Cfd7 14.f4 Cc4 15.De2 
Cxe3 16.Dxe3 b4 17.Cd5 g5 18.Cf5 Tg8 19.Da7 Cc5 20.Fxa6 Fxa6 21.e5 dxe5 
22.Cde7 Dxe7 23.Cxe7 Fxe7 24.Txe5 gxf4 25.Txc5 Fxc5 26.Dxa6 Re7 27.Db7+ 
Rf6 28.Td7 Tcf8 29.h3 h5 30.Dc7 Fe3 31.Dd6 hxg4 32.hxg4 Th8 33.De7+ Rg6 
34.a4 bxa3 35.g5 Rf5 36.Df6+ Rg4 37.Td1 Thg8 38.Dh6 Tb8 39.b3 Txg5 40.Dh1 
Tbg8 41.Ra2 Rf5 42.Td7 Rg6 43.De4+ Rf6 44.Db4 Tg2 45.De7+ Re5 46.Tc7 f5 
47.Tc6 T8g6 48.Rxa3 f3 49.Dc7+ Rf6 50.Dd8+ Re5 51.Dh8+ Rf4 52.Dh4+ T2g4 
53.Tc4+ Re5 54.Dh8+ Tg7 55.Txg4 fxg4 56.Dxg7+ Rf4 57.Df6+ Rg3 58.Dxe6 Fc5+
59.b4 f2 60.Df5 Fd6 61.Rb3 Ff4 62.Dd3+ Rg2 63.De2 g3 64.b5 Rg1 65.Dg4 f1=D
66.c4 Dd3+ 67.Rb4 Fd2+ 68.Rc5 g2 69.b6 Fe3+ 70.Rc6 Fxb6 71.Rxb6 Rf2 72.
Df4+ Df3 73.Dd4+ De3 74.Dxe3+ Rxe3 75.c5 0-1

[Event "Frankfurt-West Masters"]
[Site "Frankfurt GER"]
[Date "1999.06.30"]
[Round "6"]
[White "Topalov, Veselin"]
[Black "Polgar, Judit"]
[Result "1-0"]
[WhiteElo "2700"]
[BlackElo "2677"]
[EventDate "1999.??.??"]

1.Cf3 Cf6 2.c4 g6 3.Cc3 Fg7 4.e4 d6 5.d4 O-O 6.Fe2 e5 7.O-O Cc6 8.d5 Ce7 
9.b4 a5 10.Fa3 Ch5 11.c5 Cf4 12.b5 b6 13.cxd6 cxd6 14.Tc1 Fh6 15.Cd2 f5 
16.Te1 Fb7 17.Ff1 Tc8 18.Cc4 Tf6 19.Tc2 Tc7 20.Cxe5 Cexd5 21.Cxd5 Cxd5 22.
Cc6 Fxc6 23.bxc6 Cb4 24.Fxb4 axb4 25.e5 1-0

[Event "Frankfurt-West Masters"]
[Site "Frankfurt GER"]
[Date "1999.06.30"]
[Round "7"]
[White "Leko, Peter"]
[Black "Topalov, Veselin"]
[Result "1-0"]
[WhiteElo "2694"]
[BlackElo "2700"]
[EventDate "1999.??.??"]

1.e4 d6 2.d4 Cf6 3.Cc3 g6 4.Fg5 Fg7 5.Dd2 h6 6.Fh4 g5 7.Fg3 Ch5 8.O-O-O 
Cc6 9.De3 Fd7 10.Cge2 e6 11.h4 De7 12.Fh2 gxh4 13.Fg1 O-O-O 14.g4 Cf6 15.
f3 Ch7 16.Ff2 e5 17.d5 Cd4 18.Cxd4 exd4 19.Txd4 Fxd4 20.Dxd4 b6 21.Cb5 Rb7
22.Dc3 Tc8 23.Cd4 Df6 24.Dd3 Ra8 25.Fxh4 Df4+ 26.Rb1 Cf8 27.Dc3 Cg6 28.Fa6
Cxh4 29.Fxc8 Txc8 30.Txh4 Rb7 31.a3 Tg8 32.Ce2 Dg5 33.Th5 De7 34.Txh6 f5 
35.gxf5 Fxf5 36.Cd4 Fd7 37.Ce6 Fc8 38.f4 Tg4 39.Dc6+ Rb8 40.Th8 1-0

[Event "Frankfurt-West Masters"]
[Site "Frankfurt GER"]
[Date "1999.07.01"]
[Round "8"]
[White "Adams, Michael"]
[Black "Topalov, Veselin"]
[Result "0-1"]
[WhiteElo "2716"]
[BlackElo "2700"]
[EventDate "1999.??.??"]

1.e4 c5 2.Cf3 d6 3.d4 cxd4 4.Cxd4 Cf6 5.Cc3 a6 6.Tg1 b5 7.g4 Fb7 8.Fg2 
Cfd7 9.Fe3 e6 10.f4 Fe7 11.g5 Cb6 12.b3 C8d7 13.Dd2 b4 14.Cce2 Cc5 15.Cg3 
d5 16.e5 g6 17.h4 Dc7 18.Tc1 Ce4 19.Cxe4 dxe4 20.c4 Cd7 21.Cc2 Cc5 22.Fxc5
Fxc5 23.Th1 e3 24.De2 O-O-O 25.Th3 Td2 26.Fxb7+ Dxb7 27.Df3 Thd8 28.Dxb7+ 
Rxb7 29.Cxe3 T8d3 30.Cg4 Txh3 31.Rxd2 Tg3 32.Ch6 Fe3+ 33.Rc2 Fxc1 34.Rxc1 
Tf3 35.Cxf7 Txf4 36.Cd8+ Rc8 37.Cxe6 Txh4 38.Rd2 Te4 39.Cf8 Txe5 40.Cxh7 
a5 41.Rd3 Rb7 42.Rd4 Tf5 43.Re3 Rc6 44.Re2 Rd6 45.Cf6 Re5 46.c5 Txg5 47.
Cd7+ Rd5 48.Rf3 0-1

[Event "Frankfurt-West Masters"]
[Site "Frankfurt GER"]
[Date "1999.07.01"]
[Round "9"]
[White "Topalov, Veselin"]
[Black "Lutz, Christopher"]
[Result "1-0"]
[WhiteElo "2700"]
[BlackElo "2610"]
[EventDate "1999.??.??"]

1.e4 c5 2.Cf3 d6 3.d4 cxd4 4.Cxd4 Cf6 5.Cc3 a6 6.Fe3 e6 7.g4 h6 8.Fg2 Cc6 
9.h3 Fd7 10.f4 Tc8 11.O-O Cxd4 12.Fxd4 Fc6 13.Df3 Da5 14.Df2 e5 15.Fb6 Db4
16.Tab1 Cd7 17.Fe3 exf4 18.Fxf4 Fe7 19.Fd2 Dc5 20.Fe3 Dc4 21.Ce2 O-O 22.
Cd4 Ff6 23.b3 Db4 24.Cf5 Tce8 25.Tbd1 Txe4 26.Cxd6 Te6 27.Fxc6 bxc6 28.Cf5
Db7 29.c4 c5 30.Td5 Fe5 31.Tfd1 Cf6 32.Td8 Tee8 33.T8d3 Ce4 34.Dg2 Dc7 35.
Td7 Td8 36.Txd8 Txd8 37.Txd8+ Dxd8 38.Dxe4 1-0

[Event "Frankfurt-West Masters"]
[Site "Frankfurt GER"]
[Date "1999.07.01"]
[Round "10"]
[White "Svidler, Peter"]
[Black "Topalov, Veselin"]
[Result "0-1"]
[WhiteElo "2713"]
[BlackElo "2700"]
[EventDate "1999.??.??"]

1.e4 c5 2.Cc3 d6 3.Cf3 Cf6 4.d4 cxd4 5.Cxd4 a6 6.Fe3 Cg4 7.Fc1 Cf6 8.Tg1 
b5 9.g4 Fb7 10.f3 g6 11.Fe3 Cbd7 12.g5 Ch5 13.Fh3 h6 14.gxh6 e5 15.Fxd7+ 
Dxd7 16.Cb3 Fe7 17.Dd2 Fh4+ 18.Ff2 Fxf2+ 19.Dxf2 Cf4 20.O-O-O Tc8 21.Db6 
Dc7 22.Dxc7 Txc7 23.Ca5 b4 24.Txd6 bxc3 25.Tg5 cxb2+ 26.Rxb2 Txh6 27.Txe5+
Ce6 28.f4 Txh2 29.f5 gxf5 30.exf5 Thxc2+ 31.Ra3 T2c5 32.Txc5 Cxc5 33.Rb4 
Re7 34.Cxb7 a5+ 35.Rb5 Cxb7 36.Td5 Td7 0-1

[Event "Frankfurt-West Masters"]
[Site "Frankfurt GER"]
[Date "1999.07.02"]
[Round "12"]
[White "Topalov, Veselin"]
[Black "Morozevich, Alexander"]
[Result "1-0"]
[WhiteElo "2700"]
[BlackElo "2723"]
[EventDate "1999.??.??"]

1.d4 d5 2.c4 Cc6 3.cxd5 Dxd5 4.e3 e5 5.Cc3 Fb4 6.Fd2 Fxc3 7.Fxc3 exd4 8.
Ce2 Fg4 9.f3 O-O-O 10.Cxd4 Cf6 11.Da4 Dg5 12.Cxc6 Dxe3+ 13.Fe2 The8 14.Ce5
Ff5 15.Td1 Txd1+ 16.Dxd1 Txe5 17.Fd4 Df4 18.Fxe5 Dxe5 19.O-O Dxb2 20.Fc4 
Fe6 21.Dd3 Db6+ 22.Rh1 Fxc4 23.Dxc4 De6 24.Db4 Dd6 25.Dxd6 cxd6 26.Rg1 Rd7
27.Rf2 Cd5 28.Re2 Cf4+ 29.Rf2 b5 30.g3 Cd5 31.Re2 a5 32.Rd2 a4 33.a3 Cb6 
34.Rc3 Rc6 35.Rb4 Cd5+ 36.Ra5 Ce3 37.Tc1+ Cc4+ 38.Rb4 d5 39.Td1 Ce3 40.
Tc1+ Cc4 41.f4 d4 42.Txc4+ bxc4 43.Rxc4 d3 44.Rxd3 Rd5 45.Rc3 Rc5 46.g4 f6
47.f5 h5 48.gxh5 Rd5 49.Rb4 Re5 50.Rxa4 Rxf5 51.Rb4 Rg4 52.Rc3 f5 53.Rd2 
f4 54.Re2 1-0